[Event "European Youth Chess Championship G18"]
[Site "Prague, Top Hotel Prague"]
[Date "2016.08.26"]
[Round "8.13"]
[White "Salahidou, Reveka"]
[Black "Malatsilava, Volha"]
[Result "1-0"]
[WhiteElo "1968"]
[BlackElo "2034"]
[PlyCount "71"]
[EventDate "2016.08.18"]

1. e4 c5 2. Nf3 d6 3. d4 cxd4 4. Nxd4 Nf6 5. Nc3 a6 6. Be2 e6 7. Be3 Be7 8. g4
Qc7 9. g5 Nfd7 10. h4 Nc6 11. f4 Nxd4 12. Bxd4 O-O 13. Qd2 b5 14. a3 Bb7 15.
O-O-O Rac8 16. Kb1 Nb6 17. g6 Nc4 18. gxh7+ Kh8 19. Bxc4 bxc4 20. Rdg1 e5 21.
Qg2 Bf6 22. fxe5 dxe5 23. Be3 Qe7 24. Rh3 g5 25. Bxg5 Bxg5 26. hxg5 Qe8 27. Rh6
Rc6 28. Rf6 Re6 29. Nd5 Rc6 30. Qf3 Rc8 31. Rd6 f5 32. g6 Kg7 33. h8=Q+ Rxh8
34. exf5 Rh4 35. f6+ Kh8 36. Rh1 1-0

[Event "European Youth Chess Championship G18"]
[Site "Prague, Top Hotel Prague"]
[Date "2016.08.26"]
[Round "8.14"]
[White "Gur, Tuba"]
[Black "Auvray, Honorine"]
[Result "0-1"]
[WhiteElo "1717"]
[BlackElo "2042"]
[PlyCount "84"]
[EventDate "2016.08.18"]

1. d4 Nf6 2. c4 c5 3. d5 e6 4. Nc3 exd5 5. cxd5 d6 6. e4 g6 7. Bd3 a6 8. a4 Bg7
9. f4 O-O 10. h3 Nbd7 11. Nf3 Qc7 12. Nd2 Rb8 13. a5 b5 14. axb6 Nxb6 15. O-O
c4 16. Bc2 Nfd7 17. Nf3 Re8 18. Be3 Bb7 19. Bd4 Bxd4+ 20. Qxd4 Qc5 21. Na4 Nxa4
22. Rxa4 Qxd4+ 23. Nxd4 Nc5 24. Rxc4 Nxe4 25. Nc6 Nd2 26. Nxb8 Nxc4 27. Nc6 Nb6
28. Rd1 Nxd5 29. Rxd5 Bxc6 30. Rxd6 Bxg2 31. Ba4 Re2 32. Rxa6 Rxb2 33. Ra7 Bxh3
34. Bc6 Be6 35. Ra4 Kg7 36. Bg2 Rc2 37. Rd4 Rc4 38. Rxc4 Bxc4 39. Kf2 h5 40. f5
g5 41. Be4 Kf6 42. Kg3 Be2 0-1

[Event "European Youth Chess Championship G18"]
[Site "Prague, Top Hotel Prague"]
[Date "2016.08.26"]
[Round "8.15"]
[White "Miljkovic, Jovana"]
[Black "Weis, Olga"]
[Result "1-0"]
[WhiteElo "2024"]
[BlackElo "1895"]
[PlyCount "137"]
[EventDate "2016.08.18"]

1. g3 d5 2. Bg2 Nf6 3. Nf3 c5 4. O-O Nc6 5. d3 e5 6. e4 Be7 7. Nc3 Be6 8. Ng5
d4 9. Nxe6 fxe6 10. Ne2 O-O 11. Bh3 Qd6 12. f4 exf4 13. gxf4 e5 14. f5 c4 15.
Ng3 cxd3 16. cxd3 Kh8 17. Kh1 Rac8 18. a3 Rc7 19. Rg1 Rfc8 20. Nh5 Nxh5 21.
Qxh5 Bf6 22. Bg5 Ne7 23. Rg4 Bxg5 24. Qxg5 Qf6 25. Rag1 Qxg5 26. Rxg5 Ng8 27.
R5g3 Nf6 28. Rg5 Re7 29. R5g2 Rc6 30. Bg4 Nxg4 31. Rxg4 Rec7 32. Rg5 Rc1 33.
Rxg7 Rxg1+ 34. Rxg1 Rc2 35. Rg2 Rc1+ 36. Rg1 Rc2 37. f6 Rf2 38. Rg5 Rxf6 39.
Rxe5 Rf3 40. Re8+ Kg7 41. Re7+ Kg6 42. Rxb7 Rxd3 43. Rxa7 Rd1+ 44. Kg2 Rd2+ 45.
Kf3 Rxb2 46. Rd7 Rxh2 47. a4 Rd2 48. Kf4 d3 49. Rd6+ Kf7 50. Ke5 Ra2 51. Rxd3
Rxa4 52. Kf5 Ke7 53. Rh3 Ra1 54. Rxh7+ Kd6 55. e5+ Kd5 56. Rd7+ Kc6 57. e6 Rf1+
58. Ke5 Re1+ 59. Kf6 Rf1+ 60. Ke7 Rh1 61. Rd2 Rh7+ 62. Kf8 Rh8+ 63. Kg7 Rh1 64.
e7 Rg1+ 65. Kf7 Rf1+ 66. Ke8 Ra1 67. Rd8 Re1 68. Kf7 Rf1+ 69. Kg6 1-0

[Event "European Youth Chess Championship G18"]
[Site "Prague, Top Hotel Prague"]
[Date "2016.08.26"]
[Round "8.16"]
[White "Verhoeff, Timardi"]
[Black "Kyrkjebo, Hanna B"]
[Result "0-1"]
[WhiteElo "1870"]
[BlackElo "1999"]
[PlyCount "74"]
[EventDate "2016.08.18"]

1. d4 d5 2. c4 c6 3. Nc3 Nf6 4. Nf3 e6 5. e3 Nbd7 6. Bd3 Bd6 7. O-O O-O 8. b3
Qe7 9. Bb2 Re8 10. Re1 e5 11. dxe5 Nxe5 12. Nxe5 Bxe5 13. cxd5 cxd5 14. g3 Bd7
15. Be2 Bc6 16. Rb1 Rad8 17. Bf3 Ne4 18. Ne2 Bxb2 19. Rxb2 Qf6 20. Nd4 Bd7 21.
Rc2 Rc8 22. Rxc8 Rxc8 23. Bxe4 dxe4 24. Qb1 Qe5 25. Rc1 Re8 26. Qc2 g6 27. h4
Rc8 28. Qd2 Re8 29. Qb4 b6 30. Qc3 Rc8 31. Qd2 Re8 32. Rc4 Bg4 33. Qc2 Qf6 34.
Rc6 Qe5 35. Rc7 Qa5 36. Nc6 Qe1+ 37. Kg2 Bf3+ 0-1

[Event "European Youth Chess Championship G18"]
[Site "Prague, Top Hotel Prague"]
[Date "2016.08.26"]
[Round "8.17"]
[White "Arvai, Eszter"]
[Black "Dai, Irmak"]
[Result "0-1"]
[WhiteElo "1955"]
[BlackElo "1806"]
[PlyCount "114"]
[EventDate "2016.08.18"]

1. e4 c5 2. Nf3 d6 3. d4 cxd4 4. Qxd4 a6 5. c4 Nc6 6. Qd2 g6 7. Nc3 Bg7 8. Be2
Nf6 9. O-O O-O 10. Rb1 Bg4 11. b3 Bxf3 12. Bxf3 Nd7 13. Bb2 Rb8 14. Nd5 Bxb2
15. Rxb2 e5 16. Be2 Nc5 17. Bd3 Kg7 18. f4 f6 19. b4 Na4 20. Rbb1 Nd4 21. Rfc1
Rc8 22. Bc2 Nb6 23. Rb3 Nxd5 24. exd5 b6 25. Rc3 Qd7 26. Kh1 Rf7 27. Rf1 Qe7
28. Bd1 b5 29. cxb5 Rxc3 30. Qxc3 axb5 31. a4 Qb7 32. a5 Qxd5 33. Qd3 Qc4 34.
Qxc4 bxc4 35. Ba4 Ra7 36. Rc1 d5 37. Rb1 Kf7 38. g3 Ke7 39. Kg2 Kd6 40. Be8 Ra8
41. Ba4 Nc6 42. Kf2 Rb8 43. Bxc6 Kxc6 44. fxe5 fxe5 45. Ke2 Kb5 46. Rf1 Rb7 47.
Rb1 Rf7 48. Rf1 Rxf1 49. Kxf1 d4 50. Ke2 e4 51. Kd2 g5 52. g4 h6 53. h3 Ka6 54.
Kd1 e3 55. Ke2 Kb5 56. Ke1 d3 57. Kd1 c3 0-1

[Event "European Youth Chess Championship G18"]
[Site "Prague, Top Hotel Prague"]
[Date "2016.08.26"]
[Round "8.18"]
[White "Buiza, Prieto Eihartze"]
[Black "Egyed, Viktoria"]
[Result "1-0"]
[WhiteElo "2085"]
[BlackElo "2007"]
[PlyCount "71"]
[EventDate "2016.08.18"]

1. e4 c5 2. Nf3 e6 3. Nc3 a6 4. g3 b5 5. Bg2 Bb7 6. d3 Nc6 7. O-O Qc7 8. Re1 d6
9. Bf4 Nge7 10. a4 b4 11. Nb1 Ng6 12. Be3 Be7 13. Nbd2 O-O 14. h4 Rac8 15. Nh2
Bf6 16. Rb1 Rfd8 17. Ng4 Bd4 18. h5 Nge5 19. h6 g6 20. Nf6+ Kh8 21. Bg5 c4 22.
dxc4 Qb6 23. Rf1 Qc5 24. c3 Nd3 25. cxd4 Qxg5 26. Nf3 Qxf6 27. Qxd3 a5 28. Rfc1
Ba6 29. Qe3 d5 30. cxd5 exd5 31. e5 Qe7 32. Bh3 Rc7 33. Rc5 Nxd4 34. Rxc7 Nxf3+
35. Qxf3 Qxc7 36. Qf6+ 1-0

[Event "European Youth Chess Championship G18"]
[Site "Prague, Top Hotel Prague"]
[Date "2016.08.26"]
[Round "8.19"]
[White "Poliakova, Emma"]
[Black "Lingur, Zalina"]
[Result "0-1"]
[WhiteElo "1912"]
[BlackElo "2060"]
[PlyCount "80"]
[EventDate "2016.08.18"]

1. e4 c5 2. Nf3 d6 3. d4 cxd4 4. Nxd4 Nf6 5. Nc3 a6 6. Be3 e5 7. Nb3 Be6 8. f4
exf4 9. Bxf4 Nc6 10. Qe2 Rc8 11. h3 g6 12. O-O-O Nh5 13. Bh2 Ng3 14. Bxg3 Qg5+
15. Kb1 Qxg3 16. Qd3 Qe5 17. a3 b5 18. Nd4 Bc4 19. Qd2 Be6 20. Nxc6 Rxc6 21.
Qd4 Qxd4 22. Rxd4 Bg7 23. Rd3 Bxc3 24. Rxc3 Rxc3 25. bxc3 Ke7 26. Bd3 Rc8 27.
Kb2 Rc5 28. Rf1 Rg5 29. Rf2 h5 30. Be2 Re5 31. Bf3 h4 32. Rd2 Kd7 33. Rd4 Kc6
34. Kc1 g5 35. a4 Kc5 36. axb5 axb5 37. Be2 d5 38. Rb4 Rxe4 39. Rxe4 dxe4 40.
Kd2 Bc4 0-1

[Event "European Youth Chess Championship G18"]
[Site "Prague, Top Hotel Prague"]
[Date "2016.08.26"]
[Round "8.20"]
[White "Janska, Jitka"]
[Black "Sajjadi, Kimiya"]
[Result "1-0"]
[WhiteElo "2052"]
[BlackElo "1828"]
[PlyCount "67"]
[EventDate "2016.08.18"]

1. e4 e6 2. d4 d5 3. exd5 exd5 4. c4 Nf6 5. Nc3 Bb4 6. Nf3 O-O 7. Bd3 Re8+ 8.
Be3 Be6 9. Qb3 Nc6 10. O-O Bxc3 11. Qxc3 dxc4 12. Bxc4 Nd5 13. Qc1 Nce7 14. Re1
f6 15. Qc2 Qd7 16. Qb3 Ng6 17. Qxb7 Reb8 18. Qa6 Rxb2 19. Bb3 Ndf4 20. Qb7 Re8
21. Bxe6+ Rxe6 22. Qxb2 Rb6 23. Qc1 Nxg2 24. Kxg2 Qg4+ 25. Kf1 Qxf3 26. Qc4+
Kf8 27. Qxc7 Rb2 28. Qg3 Qh1+ 29. Qg1 Qe4 30. Qg2 Qf5 31. Rac1 Nh4 32. Qa8+ Kf7
33. Rc7+ Kg6 34. Qe8# 1-0

[Event "European Youth Chess Championship G18"]
[Site "Prague, Top Hotel Prague"]
[Date "2016.08.26"]
[Round "8.22"]
[White "Dmochowska, Agnieszka"]
[Black "Suchomelova, Simona"]
[Result "0-1"]
[WhiteElo "2034"]
[BlackElo "1838"]
[PlyCount "92"]
[EventDate "2016.08.18"]

1. e4 e6 2. d4 d5 3. exd5 exd5 4. Nf3 Nf6 5. Bd3 Bg4 6. O-O Be7 7. Bf4 O-O 8.
Nbd2 Bh5 9. Re1 Bg6 10. Bf1 Nbd7 11. c4 dxc4 12. Nxc4 Nb6 13. Nfe5 Nfd5 14. Bg3
Bh4 15. Na5 Bxg3 16. hxg3 Rb8 17. Qf3 Qf6 18. Qb3 c6 19. a4 Qd6 20. Nxb7 Rxb7
21. a5 Qb4 22. Qf3 Nc8 23. Nxc6 Qd6 24. Bc4 Nf6 25. Ba6 Rc7 26. Bb5 Qd5 27.
Qxd5 Nxd5 28. Re5 Nf6 29. Rc1 Be4 30. f3 Bxc6 31. Rxc6 Rxc6 32. Bxc6 Rd8 33. d5
Kf8 34. b4 Ne7 35. b5 Nfxd5 36. Bb7 Nf6 37. Rc5 Rd1+ 38. Kh2 Ra1 39. a6 Rb1 40.
Bc6 Rb2 41. Ba8 Ne8 42. Be4 g6 43. g4 Nd6 44. Rc7 Nxe4 45. fxe4 Rxb5 46. Rxa7
Ra5 0-1

[Event "European Youth Chess Championship G18"]
[Site "Prague, Top Hotel Prague"]
[Date "2016.08.26"]
[Round "8.23"]
[White "Yolal, Sena Gokcen"]
[Black "Gitu, Paula-Alexandra"]
[Result "1-0"]
[WhiteElo "1646"]
[BlackElo "2012"]
[PlyCount "55"]
[EventDate "2016.08.18"]

1. e4 d6 2. d4 Nf6 3. Nc3 g6 4. Nf3 Bg7 5. g3 Bg4 6. Bg2 Nc6 7. h3 Bxf3 8. Bxf3
h5 9. Be3 Nd7 10. Be2 e5 11. d5 Ne7 12. Qd2 f5 13. Bg5 Nf6 14. exf5 Nxf5 15.
Bb5+ Kf7 16. O-O-O Bh6 17. Bxh6 Nxh6 18. Bd3 Nf5 19. f4 Kg7 20. fxe5 dxe5 21.
Bxf5 gxf5 22. Qg5+ Kf7 23. Qxf5 Qe7 24. Ne4 Rh6 25. g4 hxg4 26. hxg4 Rxh1 27.
Rxh1 Kg7 28. Nxf6 1-0

[Event "European Youth Chess Championship G18"]
[Site "Prague, Top Hotel Prague"]
[Date "2016.08.26"]
[Round "8.24"]
[White "Naghiyeva, Khayala"]
[Black "Vangsgaard, Freja"]
[Result "1/2-1/2"]
[WhiteElo "1663"]
[BlackElo "2129"]
[PlyCount "115"]
[EventDate "2016.08.18"]

1. d4 Nf6 2. c4 e6 3. Nc3 Bb4 4. Bg5 c5 5. Nf3 Qa5 6. Bd2 O-O 7. a3 Bxc3 8.
Bxc3 Qc7 9. dxc5 Ne4 10. Be5 Qxc5 11. e3 d6 12. Bd4 Qc7 13. Qc2 f5 14. Bd3 e5
15. Bxe4 fxe4 16. Qxe4 exd4 17. Qxd4 Nc6 18. Qd5+ Qf7 19. Qxf7+ Rxf7 20. Rd1
Bg4 21. Rxd6 Bxf3 22. gxf3 Ne5 23. c5 Nxf3+ 24. Ke2 Raf8 25. h4 Ne5 26. f4 Ng4
27. Rg1 h5 28. Rd5 g6 29. Kf3 Re7 30. Re1 Kg7 31. b4 Ne5+ 32. Kf2 Nc4 33. a4
Nb2 34. Rg1 Rf6 35. Rxh5 Nd3+ 36. Kf3 Nxb4 37. Rhg5 Kf7 38. h5 gxh5 39. Rxh5
Ke8 40. Rd1 Nc6 41. Rh8+ Rf8 42. Rxf8+ Kxf8 43. Rd6 Rc7 44. Ke4 Na5 45. Kd5 Ke7
46. e4 Rc6 47. e5 Rc8 48. f5 Re8 49. f6+ Kf7 50. Rd7+ Kf8 51. e6 Nc6 52. Rxb7
Rxe6 53. Kxe6 Nd8+ 54. Kd7 Nxb7 55. c6 Nc5+ 56. Kc7 Nxa4 57. Kb7 Nb6 58. Kxa7
1/2-1/2

[Event "European Youth Chess Championship G18"]
[Site "Prague, Top Hotel Prague"]
[Date "2016.08.26"]
[Round "8.25"]
[White "Boehm, Jana"]
[Black "Sarnovska, Eira"]
[Result "1/2-1/2"]
[WhiteElo "1954"]
[BlackElo "1719"]
[PlyCount "104"]
[EventDate "2016.08.18"]

1. e4 e6 2. d4 d5 3. Nc3 Nf6 4. Bg5 dxe4 5. Nxe4 Be7 6. Bxf6 Bxf6 7. Nf3 O-O 8.
Qd3 Nd7 9. O-O-O Be7 10. h4 c5 11. dxc5 Qa5 12. Nfg5 g6 13. Nxh7 Nxc5 14. Nhf6+
Kg7 15. Qd4 e5 16. Nh5+ Kh7 17. Nef6+ Bxf6 18. Nxf6+ Kg7 19. Qe3 Kxf6 20. h5 g5
21. h6 Bf5 22. Bc4 Qa4 23. Rd6+ Ne6 24. Qe2 Rac8 25. Bd3 Qxa2 26. Rh5 Bxd3 27.
Qxd3 Rfd8 28. Rxd8 Qa1+ 29. Kd2 Rxd8 30. Qxd8+ Nxd8 31. h7 Qa5+ 32. c3 Qd5+ 33.
Kc1 Ke7 34. h8=Q Qd4 35. Rh1 Qf4+ 36. Kd1 Qa4+ 37. Kd2 Qf4+ 38. Kd3 Qf5+ 39.
Ke3 Qf4+ 40. Ke2 Qe4+ 41. Kd2 Qf4+ 42. Kc2 Qe4+ 43. Kb3 Qd5+ 44. Ka3 Qa5+ 45.
Kb3 Qd5+ 46. Kc2 Qe4+ 47. Kd2 Qf4+ 48. Kd3 Qf5+ 49. Kc4 Qe4+ 50. Kb3 Qd5+ 51.
Kc2 Qe4+ 52. Kb3 Qd5+ 1/2-1/2

[Event "European Youth Chess Championship G18"]
[Site "Prague, Top Hotel Prague"]
[Date "2016.08.26"]
[Round "8.26"]
[White "Jerabkova, Julia"]
[Black "Kyrkjebo, Marte B"]
[Result "1/2-1/2"]
[WhiteElo "1571"]
[BlackElo "1866"]
[PlyCount "105"]
[EventDate "2016.08.18"]

1. c4 e5 2. Nc3 Nc6 3. g3 g6 4. Bg2 Bg7 5. e3 d6 6. Nge2 Nge7 7. O-O O-O 8. d4
exd4 9. exd4 Re8 10. Bf4 Nf5 11. d5 Ne5 12. b3 a5 13. Qc2 Nd7 14. Rfe1 Nc5 15.
Rad1 Bd7 16. Ne4 Nxe4 17. Bxe4 b6 18. Nc3 Nd4 19. Qd3 Bg4 20. f3 Bd7 21. Be3
Nf5 22. Bf4 h5 23. Ne2 Nh6 24. Qd2 Kh7 25. Kf2 f5 26. Bc2 Nf7 27. h4 Ne5 28.
Ng1 a4 29. Nh3 axb3 30. Bxb3 Qb8 31. Ng5+ Kg8 32. Qc2 Qa7 33. Rd2 Re7 34. Rde2
Rae8 35. Bd2 Bf6 36. Kg2 Nf7 37. Rxe7 Rxe7 38. Ne6 Ne5 39. f4 Ng4 40. Bc3 Kf7
41. Bxf6 Nxf6 42. Qe2 Bxe6 43. dxe6+ Kg8 44. Qb2 Qa8+ 45. Kg1 Ne4 46. Kh2 Rxe6
47. c5 d5 48. Rd1 Nf6 49. cxb6 Rxb6 50. Qxf6 Rxf6 51. Bxd5+ Qxd5 52. Rxd5 Ra6
53. Rd8+ 1/2-1/2

[Event "European Youth Chess Championship G18"]
[Site "Prague, Top Hotel Prague"]
[Date "2016.08.26"]
[Round "8.27"]
[White "Silva, Mariana Sofia T"]
[Black "Reid, Caitlin"]
[Result "1-0"]
[WhiteElo "1757"]
[BlackElo "1439"]
[PlyCount "53"]
[EventDate "2016.08.18"]

1. e4 c5 2. Nc3 Nc6 3. f4 g6 4. Nf3 Bg7 5. Bb5 Nd4 6. O-O e6 7. e5 Ne7 8. Nxd4
cxd4 9. Ne4 O-O 10. Qe1 Nf5 11. g4 Nh6 12. Qg3 a6 13. Be2 b5 14. Nf6+ Kh8 15.
Bf3 Rb8 16. Qh3 Bxf6 17. exf6 Ng8 18. g5 Qc7 19. Be4 d5 20. Bd3 e5 21. Qh4 e4
22. Be2 Qxc2 23. Bg4 d3 24. Bxc8 Rbxc8 25. Qg3 h6 26. f5 hxg5 27. Qh3+ 1-0

[Event "European Youth Chess Championship G18"]
[Site "Prague, Top Hotel Prague"]
[Date "2016.08.26"]
[Round "8.28"]
[White "Ajanovic, Berina"]
[Black "Sit, Victoria"]
[Result "0-1"]
[WhiteElo "1377"]
[BlackElo "1697"]
[PlyCount "50"]
[EventDate "2016.08.18"]

1. d4 d5 2. c4 c6 3. Nf3 Nf6 4. Nc3 a6 5. e3 b5 6. c5 g6 7. Qb3 Bg7 8. Bd3 O-O
9. O-O a5 10. Bd2 Nfd7 11. Nd1 e5 12. Bc2 b4 13. Qa4 Ba6 14. Re1 Bb5 15. Qb3
Na6 16. a3 a4 17. Qa2 b3 18. Bxb3 axb3 19. Qxb3 Rb8 20. Qc3 e4 21. Ne5 Nxe5 22.
dxe5 Re8 23. Qc2 Bd3 24. Qa4 Nxc5 25. Qxc6 Nb3 0-1

[Event "European Youth Chess Championship G18"]
[Site "Prague, Top Hotel Prague"]
[Date "2016.08.26"]
[Round "8.29"]
[White "Temmerman, Sara"]
[Black "Maric, Sara"]
[Result "1/2-1/2"]
[WhiteElo "1631"]
[BlackElo "1829"]
[PlyCount "79"]
[EventDate "2016.08.18"]

1. e4 e5 2. Nf3 Nc6 3. Nc3 Nf6 4. d4 exd4 5. Nxd4 Bb4 6. Nxc6 bxc6 7. Bd3 d5 8.
exd5 cxd5 9. O-O O-O 10. h3 Bb7 11. Bf4 h6 12. Ne2 d4 13. Nxd4 Nd5 14. Bg3 Qf6
15. Rb1 Rfe8 16. Nb5 Qc6 17. Nd4 Qf6 18. Nf3 Nf4 19. Bxf4 Qxf4 20. c3 Bd6 21.
Qd2 Bxf3 22. Qxf4 Bxf4 23. gxf3 Re5 24. Rfe1 Rg5+ 25. Kh1 Rd8 26. Bf1 Rd6 27.
Re4 Rf6 28. Rd1 Bd6 29. Bg2 h5 30. Ra4 Rfg6 31. Rg1 Bc5 32. f4 Rf5 33. Be4
Rxg1+ 34. Kxg1 Rf6 35. Ra5 Bb6 36. Rf5 Rxf5 37. Bxf5 Kf8 38. Kf1 Ke7 39. f3 Be3
40. Ke2 1/2-1/2

[Event "European Youth Chess Championship G18"]
[Site "Prague, Top Hotel Prague"]
[Date "2016.08.26"]
[Round "8.30"]
[White "Pilsan, Martha"]
[Black "Pokorna, Jana"]
[Result "1-0"]
[WhiteElo "1640"]
[BlackElo "1630"]
[PlyCount "103"]
[EventDate "2016.08.18"]

1. e4 e5 2. Nf3 Nc6 3. Bb5 d6 4. d4 exd4 5. Nxd4 Bd7 6. Bxc6 Bxc6 7. Nxc6 bxc6
8. Nc3 Nf6 9. O-O Be7 10. Bf4 O-O 11. Qf3 c5 12. Rad1 Qb8 13. b3 Nd7 14. Nd5
Re8 15. Rfe1 Nb6 16. Qg3 Nxd5 17. Rxd5 Qb4 18. Bd2 Qb6 19. Bc3 f6 20. Rf5 Rf8
21. Qd3 Qc6 22. Qc4+ Kh8 23. Re3 Qe8 24. Ref3 Qf7 25. Qxf7 Rxf7 26. Ba5 c6 27.
Rd3 Rff8 28. Bc7 g6 29. Rff3 Rae8 30. Rfe3 Rc8 31. Bxd6 Bxd6 32. Rxd6 Rfd8 33.
Rxd8+ Rxd8 34. Rd3 Rxd3 35. cxd3 Kg8 36. f4 Kf7 37. Kf2 Ke6 38. Ke3 Ke7 39. d4
cxd4+ 40. Kxd4 Kd6 41. b4 g5 42. g3 h5 43. h4 g4 44. a3 Ke6 45. Kc5 Kd7 46. a4
Kc7 47. e5 fxe5 48. fxe5 Kd7 49. a5 Ke6 50. Kd4 Kf5 51. a6 Ke6 52. Ke4 1-0

[Event "European Youth Chess Championship G18"]
[Site "Prague, Top Hotel Prague"]
[Date "2016.08.27"]
[Round "9.1"]
[White "Khomeriki, Nino"]
[Black "Drogovoz, Irina"]
[Result "1/2-1/2"]
[WhiteElo "2338"]
[BlackElo "2126"]
[PlyCount "91"]
[EventDate "2016.08.18"]

1. d4 Nf6 2. c4 e6 3. Nf3 d5 4. Nc3 c6 5. Bg5 Nbd7 6. cxd5 exd5 7. e3 Bd6 8.
Bd3 O-O 9. O-O Re8 10. Qc2 Nf8 11. Rae1 Be6 12. Ne5 Be7 13. f4 N6d7 14. Bxe7
Rxe7 15. Qf2 f5 16. g4 Nxe5 17. dxe5 Rf7 18. gxf5 Bxf5 19. Bxf5 Rxf5 20. Ne2
Qe7 21. Rd1 Nd7 22. Qg2 Re8 23. Kh1 Rff8 24. Rf3 Nc5 25. Rh3 Ne4 26. Ng3 Nxg3+
27. Rxg3 Kh8 28. Rg1 g6 29. Qh3 Qe6 30. Qh6 Rg8 31. h4 Qf5 32. Kh2 Qf7 33. Rg5
d4 34. h5 dxe3 35. Rxg6 e2 36. Rxg8+ Rxg8 37. Re1 Qe7 38. Qf6+ Qxf6 39. exf6
Rf8 40. Rxe2 Rxf6 41. Kg3 Kg7 42. Kg4 Kf7 43. Rd2 Ke6 44. Re2+ Kf7 45. Rd2 Ke6
46. Re2+ 1/2-1/2

[Event "European Youth Chess Championship G18"]
[Site "Prague, Top Hotel Prague"]
[Date "2016.08.27"]
[Round "9.2"]
[White "Narva, Mai"]
[Black "Unuk, Laura"]
[Result "1/2-1/2"]
[WhiteElo "2202"]
[BlackElo "2240"]
[PlyCount "142"]
[EventDate "2016.08.18"]

1. e4 e5 2. Nf3 Nc6 3. Bb5 a6 4. Ba4 Nf6 5. O-O b5 6. Bb3 Bc5 7. a4 Rb8 8. c3
d6 9. d4 Bb6 10. Na3 O-O 11. axb5 axb5 12. Nxb5 Bg4 13. Bc2 exd4 14. Nbxd4 Nxd4
15. cxd4 d5 16. e5 Ne4 17. Qd3 f6 18. exf6 Qxf6 19. Ne5 Bf5 20. Qb5 Kh8 21.
Bxe4 Bxe4 22. Qc6 Bxd4 23. Qxf6 gxf6 24. Nc6 Bxb2 25. Ra7 Rb6 26. Bxb2 Rxc6 27.
f3 Bd3 28. Rd1 Bc4 29. Re1 Kg7 30. Bd4 Kf7 31. Kf2 Rb8 32. g4 Rb3 33. Ra8 Bb5
34. Rd8 Rc2+ 35. Kg3 c5 36. Rc8 Be2 37. Rc7+ Kg6 38. Rxc5 Rxc5 39. Bxc5 Bxf3
40. Re3 Rb5 41. Rxf3 Rxc5 42. Rf5 Rc3+ 43. Kf4 Rd3 44. Rh5 h6 45. h3 Kg7 46.
Rf5 Kg6 47. Rh5 Rd1 48. Ke3 d4+ 49. Ke2 Ra1 50. Kd3 Ra4 51. Rb5 Ra3+ 52. Kxd4
Rxh3 53. Ke4 Rh1 54. Kf4 Rf1+ 55. Ke4 Re1+ 56. Kf4 Re5 57. Rb7 Ra5 58. Rb4 h5
59. gxh5+ Rxh5 60. Kg4 f5+ 61. Kg3 Kg5 62. Ra4 Rh1 63. Ra3 f4+ 64. Kg2 Rh8 65.
Rb3 Kg4 66. Rc3 Ra8 67. Rb3 Ra2+ 68. Kf1 f3 69. Rb8 Kg3 70. Rg8+ Kf4 71. Rf8+
Kg3 1/2-1/2

[Event "European Youth Chess Championship G18"]
[Site "Prague, Top Hotel Prague"]
[Date "2016.08.27"]
[Round "9.3"]
[White "Salimova, Nurgyul"]
[Black "Diakonova, Ekaterina"]
[Result "0-1"]
[WhiteElo "2147"]
[BlackElo "2172"]
[PlyCount "112"]
[EventDate "2016.08.18"]

1. d4 Nf6 2. c4 g6 3. Nc3 Bg7 4. e4 d6 5. Nf3 O-O 6. h3 Na6 7. Be3 e5 8. d5 Nh5
9. Be2 Nf4 10. Bxf4 exf4 11. Qd2 Qf6 12. O-O-O Nc5 13. Nd4 Re8 14. Bf3 Bd7 15.
Qc2 Qe5 16. Rhe1 Rab8 17. Bg4 h5 18. Bxd7 Nxd7 19. Nf3 Qf6 20. Kb1 a6 21. a4
Ne5 22. Nxe5 Qxe5 23. Rd3 Qg5 24. f3 Be5 25. Re2 c5 26. Qb3 Qd8 27. Qc2 Qa5 28.
Na2 b5 29. axb5 axb5 30. Ra3 Qc7 31. Nc1 bxc4 32. Qxc4 Rb4 33. Qa2 c4 34. Rc2
Qb6 35. Ra4 Rb8 36. Rxb4 Qxb4 37. Ne2 c3 38. b3 Kg7 39. Nc1 Qb5 40. Qa7 Rb6 41.
Qa8 Ra6 42. Qc8 Ra3 43. Qc4 Qa5 44. Ra2 Rxa2 45. Nxa2 Qb6 46. Nxc3 Qg1+ 47. Kc2
Qxg2+ 48. Qe2 Qxh3 49. Na4 h4 50. b4 Qg3 51. b5 h3 52. b6 h2 53. b7 h1=Q 54.
b8=Q Qhxf3 55. Qxf3 Qxf3 56. Qb4 Qe2+ 0-1

[Event "European Youth Chess Championship G18"]
[Site "Prague, Top Hotel Prague"]
[Date "2016.08.27"]
[Round "9.4"]
[White "Kubicka, Anna"]
[Black "Asatryan, Sona"]
[Result "1-0"]
[WhiteElo "2209"]
[BlackElo "1857"]
[PlyCount "95"]
[EventDate "2016.08.18"]

1. e4 c6 2. d4 d5 3. Nc3 dxe4 4. Nxe4 Bf5 5. Ng3 Bg6 6. Nh3 Nf6 7. Nf4 Nbd7 8.
Bc4 e5 9. Nxg6 hxg6 10. Qe2 Bd6 11. f4 O-O 12. fxe5 Re8 13. O-O b5 14. Bb3 Qb6
15. Be3 c5 16. exf6 cxd4 17. fxg7 Rxe3 18. Bxf7+ Kxg7 19. Qg4 Bxg3 20. Bxg6 Ne5
21. Rf7+ Kg8 22. Bh7+ Kxf7 23. Rf1+ Nf3+ 24. Rxf3+ Rxf3 25. Qxf3+ Kg7 26. Bd3
Bxh2+ 27. Kxh2 Qh6+ 28. Kg3 Qe3 29. Qxe3 dxe3 30. Kf3 Re8 31. Bxb5 Re5 32. Be2
Kf6 33. Kf4 Rc5 34. c3 Re5 35. g4 a5 36. b4 axb4 37. cxb4 Re8 38. g5+ Kg6 39.
a4 Ra8 40. a5 Rf8+ 41. Kxe3 Kxg5 42. Kd4 Kf4 43. a6 Rd8+ 44. Kc5 Ke3 45. Bf1
Rg8 46. a7 Kd2 47. Bg2 Rc8+ 48. Bc6 1-0

[Event "European Youth Chess Championship G18"]
[Site "Prague, Top Hotel Prague"]
[Date "2016.08.27"]
[Round "9.5"]
[White "Keetman, Maaike"]
[Black "Osmak, Iulija"]
[Result "0-1"]
[WhiteElo "2101"]
[BlackElo "2344"]
[PlyCount "94"]
[EventDate "2016.08.18"]

1. e4 d6 2. d4 Nf6 3. Nc3 e5 4. Nf3 Nbd7 5. Bc4 Be7 6. a4 O-O 7. a5 c6 8. O-O
exd4 9. Qxd4 Ne5 10. Nxe5 dxe5 11. Qxe5 Ng4 12. Qg3 Bc5 13. Be2 f5 14. Bxg4
fxg4 15. Qd3 Qe7 16. Be3 Bd6 17. a6 b5 18. Rfd1 Bc7 19. Ne2 Be6 20. b3 Qf7 21.
Nd4 Rad8 22. Qe2 Bd7 23. c4 Rde8 24. Qd3 bxc4 25. bxc4 Rd8 26. Qc2 Qg6 27. Rab1
Bc8 28. Nf5 Rde8 29. Bxa7 Rxf5 30. exf5 Bxf5 31. Qa2 Qh5 32. g3 Be4 33. Re1 Bf3
34. Rxe8+ Qxe8 35. Be3 c5 36. a7 Ba8 37. Bf4 Bb6 38. f3 Bxf3 39. Bb8 Ba8 40.
Qf2 Qe4 41. Qb2 Qh1+ 42. Kf2 Qg2+ 43. Ke3 Qf3+ 44. Kd2 Ba5+ 45. Kc1 Qf1+ 46.
Kc2 Qxc4+ 47. Kd1 Bf3+ 0-1

[Event "European Youth Chess Championship G18"]
[Site "Prague, Top Hotel Prague"]
[Date "2016.08.27"]
[Round "9.6"]
[White "Saumanaite, Skaiste"]
[Black "Rodionova, Daria"]
[Result "1-0"]
[WhiteElo "1905"]
[BlackElo "2279"]
[PlyCount "77"]
[EventDate "2016.08.18"]

1. Nf3 c5 2. c4 Nc6 3. d4 cxd4 4. Nxd4 e6 5. e4 a6 6. Nc3 Qc7 7. Be2 Nf6 8. O-O
Bb4 9. Nxc6 bxc6 10. Qc2 O-O 11. Bd3 Bb7 12. a3 Bxc3 13. Qxc3 c5 14. e5 Ng4 15.
f4 f6 16. h3 fxe5 17. hxg4 exf4 18. Qc2 Qe5 19. Qf2 Qg5 20. Be2 e5 21. Qxc5 Rf6
22. Bf3 d6 23. Qa5 Bxf3 24. Rxf3 Raf8 25. Bd2 Qxg4 26. Raf1 Rg6 27. R1f2 h6 28.
Qd5+ Kh7 29. Bb4 Rff6 30. Qe4 Rf5 31. Rd3 Rfg5 32. Rxd6 Qh5 33. Rxg6 Rxg6 34.
Bc3 Kg8 35. Qxe5 Qd1+ 36. Rf1 Qc2 37. Qd5+ Kh7 38. Qd2 Qe4 39. Rxf4 1-0

[Event "European Youth Chess Championship G18"]
[Site "Prague, Top Hotel Prague"]
[Date "2016.08.27"]
[Round "9.7"]
[White "Trippold, Denise"]
[Black "Kanakova, Natalie"]
[Result "0-1"]
[WhiteElo "2066"]
[BlackElo "2179"]
[PlyCount "106"]
[EventDate "2016.08.18"]

1. d4 Nf6 2. c4 e6 3. g3 c5 4. d5 exd5 5. cxd5 b5 6. Bg2 d6 7. a4 b4 8. Nd2 Ba6
9. Ngf3 Nbd7 10. O-O Rc8 11. Re1 Be7 12. e4 O-O 13. h3 Nb6 14. Qb3 Nfd7 15. a5
Na8 16. Bf1 Bxf1 17. Kxf1 Nc7 18. Nc4 Nb5 19. Bf4 Qc7 20. Rad1 Bf6 21. Kg1 Rfe8
22. e5 Be7 23. e6 Nf8 24. exf7+ Kxf7 25. Re4 Kg8 26. Rde1 Qd7 27. Qe3 Ng6 28.
Bg5 Nc7 29. Qd3 Bf8 30. Rxe8 Rxe8 31. Rxe8 Qxe8 32. Qf5 Qf7 33. Qc8 Qxf3 34.
Qxc7 Qd1+ 35. Kh2 Qxd5 36. Nxd6 Qxd6 37. Qxa7 c4 38. a6 Qc5 39. Qb7 Qxf2+ 40.
Kh1 Qf1+ 41. Kh2 Qf2+ 42. Kh1 Bc5 43. Qd5+ Kh8 44. Qa8+ Nf8 45. Qg2 Qxg2+ 46.
Kxg2 Ne6 47. Bd2 Nc7 48. a7 c3 49. bxc3 b3 50. Bc1 Bxa7 51. Kf3 Nd5 52. Ke4
Nxc3+ 53. Kd3 Na4 0-1